000 00332nam a2200145Ia 4500
100 _aHuelsman/Laurence P
650 _aFilter design
942 _cBK
245 _aActive and passive analog filter design
260 _bMcGraw Hill
_c1993
082 _a621.381 5324
_bHUE
300 _a480
546 _aENGLISH
_cTTL
999 _c18538
_d18538